Score 0/16 Timer 05:00
2 Plays Today
Hint Answer % Correct
The Oprah Winfrey Show
94.3%
Are You Smarter Than a 5th Grader?
81%
Hannah Montana Forever
80.9%
Friday Night Lights
76.9%
Smallville
65.3%
Kate Plus 8
60%
Go, Diego, Go!
57.5%
Charlie's Angels
54.7%
Hint Answer % Correct
Entourage
49.7%
Medium
38.3%
Law & Order: Criminal Intent
37.5%
Rescue Me
36.2%
Big Love
33%
All My Children
30.4%
Lie to Me
30.3%
Supernanny
28.2%
Remove Ads.
Support Sporcle.
Get the best of Sporcle when you Go Orange. This ad-free experience offers more features, more stats, and more fun while also helping to support Sporcle. Thank you for becoming a member.

You're not logged in!

Compare scores with friends on all Sporcle quizzes.
OR
Log In

Show Comments

Extras

Top Quizzes Today


Score Distribution

Your Account Isn't Verified!

In order to create a playlist on Sporcle, you need to verify the email address you used during registration. Go to your Sporcle Settings to finish the process.

Report this User

Report this user for behavior that violates our Community Guidelines.

Details: